Hunger Games Character Death Counts Quiz Stats

 Plays Quiz not verified by Sporcle

Also try: Authors by Title
Challenge
Share
Tweet
Embed
Score 0/9 Timer 10:00
0 Plays Today
% Correct
Annie
66.9%
Katniss
54.3%
Peeta
48.8%
Thresh
45.1%
Glimmer
42.5%
Cato
36.2%
Marvel
33.9%
Johanna
31.1%
Finnick
26.8%

You're not logged in!

Compare scores with friends on all Sporcle quizzes.
OR
Log In

You Might Also Like...

Show Comments

Extras

Created Jan 15, 2013ReportNominate
Tags:character, count, death, hunger

Top Quizzes Today


Score Distribution

Your Account Isn't Verified!

In order to create a playlist on Sporcle, you need to verify the email address you used during registration. Go to your Sporcle Settings to finish the process.

Report this User

Report this user for behavior that violates our Community Guidelines.

Details: